| 000 | 00730nam a22002057a 4500 | ||
|---|---|---|---|
| 005 | 20251108165208.0 | ||
| 008 | 250721s9999 xx 000 0 ara d | ||
| 082 | 1 | 4 | _a370.1/زرن |
| 100 | 1 | _aالزرنوجي، للأمام برهان الدين | |
| 245 | 1 | 0 |
_aتعليم المتعلم طرق التعليم : _bالمرشد الأمين في تربية البنات والبنين / |
| 264 | 1 |
_aالقاهرة : _bمكتبة القرآن، _c[19-]. |
|
| 300 | _a158ص | ||
| 490 | 0 | _aمن روائع المخطوطات العثمانية | |
| 650 | 1 | 7 | _aالتربية |
| 650 | 1 | 7 | _aالفلسفة |
| 650 | 1 | 7 | _aالنظريات |
| 700 | 1 |
_aعاشور، مصطفى _eتحقيق |
|
| 942 |
_2ddc _cBK |
||
| 999 |
_c21828 _d21828 |
||